Pahiwatig: (Record no. 364420)
[ view plain ]
| 000 -LEADER | |
|---|---|
| fixed length control field | 00433nam a2200121Ia 4500 |
| 008 - FIXED-LENGTH DATA ELEMENTS--GENERAL INFORMATION | |
| fixed length control field | 200922s9999 xx 000 0 und d |
| 020 ## - INTERNATIONAL STANDARD BOOK NUMBER | |
| International Standard Book Number | 978-621-409-107-2 |
| 100 ## - MAIN ENTRY--PERSONAL NAME | |
| Personal name | De Viana, Augusto V. |
| 245 ## - TITLE STATEMENT | |
| Statement of responsibility, etc | Augusto V. De Viana, Ma. Venice M. Picadizo |
| Title | Pahiwatig: |
| Remainder of title | a guide for understanding readings in Philippine history/ |
| 260 ## - PUBLICATION, DISTRIBUTION, ETC. (IMPRINT) | |
| Place of publication, distribution, etc | Manila: |
| Name of publisher, distributor, etc | Books Atbp. Publishing |
| Date of publication, distribution, etc | 2018 |
| 300 ## - PHYSICAL DESCRIPTION | |
| Extent | xii, 359 pages |
| Dimensions | 25 cm. |
| 650 ## - SUBJECT ADDED ENTRY--TOPICAL TERM | |
| Topical term or geographic name as entry element | Philippines |
| Withdrawn status | Lost status | Damaged status | Home library | Current library | Shelving location | Date acquired | Source of acquisition | Total Checkouts | Full call number | Barcode | Date last seen | Price effective from | Koha item type |
|---|---|---|---|---|---|---|---|---|---|---|---|---|---|
| College Library | College Library | Filipiniana Section | 09/22/2020 | DS 668 .D492 2018 | C22506 | 09/22/2020 | 09/22/2020 | Books |